Sams Teach Yourself Visual C# 2008 in 24 Hours : (Record no. 11147)
[ view plain ]
| 000 -LEADER | |
|---|---|
| fixed length control field | 01157cam a2200337 a 4500 |
| 001 - CONTROL NUMBER | |
| control field | 15299741 |
| 005 - DATE AND TIME OF LATEST TRANSACTION | |
| control field | 20201128020722.0 |
| 008 - FIXED-LENGTH DATA ELEMENTS--GENERAL INFORMATION | |
| fixed length control field | 080521s2008 inua 001 0 eng |
| 010 ## - LIBRARY OF CONGRESS CONTROL NUMBER | |
| LC control number | 2008022406 |
| 015 ## - NATIONAL BIBLIOGRAPHY NUMBER | |
| National bibliography number | GBA866297 |
| Source | bnb |
| 016 7# - NATIONAL BIBLIOGRAPHIC AGENCY CONTROL NUMBER | |
| Record control number | 014614617 |
| Source | Uk |
| 020 ## - INTERNATIONAL STANDARD BOOK NUMBER | |
| International Standard Book Number | 0672329905 |
| 020 ## - INTERNATIONAL STANDARD BOOK NUMBER | |
| International Standard Book Number | 9780672329906 |
| 035 ## - SYSTEM CONTROL NUMBER | |
| System control number | (OCoLC)ocn191927022 |
| 035 ## - SYSTEM CONTROL NUMBER | |
| System control number | (OCoLC)191927022 |
| 040 ## - CATALOGING SOURCE | |
| Original cataloging agency | DLC |
| Transcribing agency | DLC |
| Modifying agency | UKM |
| -- | BTCTA |
| -- | BAKER |
| -- | YDXCP |
| -- | C#P |
| -- | DLC |
| 050 00 - LIBRARY OF CONGRESS CALL NUMBER | |
| Classification number | QA76.73.C154 |
| Item number | F68 2008 |
| 082 00 - DEWEY DECIMAL CLASSIFICATION NUMBER | |
| Classification number | 005.118 |
| Edition number | 22 |
| Item number | FOX |
| 100 1# - MAIN ENTRY--PERSONAL NAME | |
| Personal name | Foxall, James D. |
| 9 (RLIN) | 2974 |
| 245 10 - TITLE STATEMENT | |
| Title | Sams Teach Yourself Visual C# 2008 in 24 Hours : |
| Remainder of title | Complete Starter Kit / |
| Statement of responsibility, etc | James Foxall. |
| 246 30 - VARYING FORM OF TITLE | |
| Title proper/short title | Visual C# 2008 complete starter kit |
| 260 ## - PUBLICATION, DISTRIBUTION, ETC. (IMPRINT) | |
| Place of publication, distribution, etc | Indianapolis, Ind. : |
| Name of publisher, distributor, etc | Sams, 2008 |
| Date of publication, distribution, etc | 2008. |
| 300 ## - PHYSICAL DESCRIPTION | |
| Extent | xi, 512 p. : |
| Other physical details | ill. ; |
| Dimensions | 24 cm. + |
| Accompanying material | 1 DVD-ROM (4 3/4 in.). |
| 490 ## - Series Statement | |
| -- | 2971 |
| Series statement | Sams teach yourself |
| 500 ## - GENERAL NOTE | |
| General note | Includes index. |
| 630 00 - SUBJECT ADDED ENTRY--UNIFORM TITLE | |
| Uniform title | Microsoft Visual C #. |
| 9 (RLIN) | 2976 |
| 650 #0 - SUBJECT ADDED ENTRY--TOPICAL TERM | |
| Topical term or geographic name as entry element | C# (Computer program language) |
| 9 (RLIN) | 2977 |
| 653 ## - INDEX TERM--UNCONTROLLED | |
| Resource For college | |
| 942 ## - ADDED ENTRY ELEMENTS (KOHA) | |
| Source of classification or shelving scheme | Dewey Decimal Classification |
| Item type | Book - Borrowing |
| Withdrawn status | Item status | Source of classification or shelving scheme | Damaged status | Not for loan | Vendor | Home library | Current library | Shelving location | Date acquired | Source of acquisition | Cost, normal purchase price | Serial Enumeration / chronology | Total Checkouts | Total Renewals | Full call number | Barcode | Date last seen | Date last borrowed | Koha item type |
|---|---|---|---|---|---|---|---|---|---|---|---|---|---|---|---|---|---|---|---|
| Dewey Decimal Classification | Alahram | Central Library | Central Library | Lower Floor | 31/03/2009 | 237.50 | 375 | 8 | 30 | 005.118 FOX | 000015817 | 15/07/2025 | 22/04/2015 | Book - Borrowing | |||||
| Dewey Decimal Classification | Alahram | Central Library | Central Library | Lower Floor | 31/03/2009 | 375 | 005.118 FOX | 000015818 | 24/08/2022 | CD | DVD - With book |